Normal view
MARC view
Entry Personal Name
001 - CONTROL NUMBER
- control field: 245543
003 - CONTROL NUMBER IDENTIFIER
- control field: OSt
005 - DATE AND TIME OF LATEST TRANSACTION
- control field: 20251114111021.0
008 - FIXED-LENGTH DATA ELEMENTS
- fixed length control field: 251114|| aca||aabn | a|a d
040 ## - CATALOGING SOURCE
- Original cataloging agency: OSt
- Transcribing agency: OSt
100 ## - HEADING--PERSONAL NAME
- Personal name: JANARDANA PUJARI (B)
- Dates associated with a name: ಜನಾರ್ದನ ಪೂಜಾರಿ (ಬಿ)
670 ## - SOURCE DATA FOUND
- Source citation: Work cat.: (OSt)122870: JANARDANA PUJARI (B) ಜನಾರ್ದನ ಪೂಜಾರಿ (ಬಿ), Salamelada sangrama: atmakathe , 2018